00581nam a2200109Ia 4500008004100000245002600041300024600067650001600313856005100329999001900380952007200399170517s9999 xx 000 0 und d 4aThe Skinny on Obesity aWhat are the main factors that contribute to the obesity epidemic, and how can we halt the tide of weight gain before it disastrously alters the average life span of the human species? Renowned pediatric endocrinologist Dr. Robert Lustig,... xTechnology. uhttp://topdocumentaryfilms.com/skinny-obesity/ c335120d335120 001040aCLbCLd2017-05-17l0r2017-05-17 00:00:00w2017-05-17yDF